Statistiques concernant Game of thrones la série télévisée tous les personnages & lieux

Cliquez ici pour prendre le quiz!

Statistiques générales

  • Ce quiz a été pris 1 674 fois
    (1 646 depuis la dernière actualisation)
  • Le résultat moyen est 55 sur 175

Statistiques - réponses

QuestionsRéponses% Correct
Capitale des 7 couronnesPort Réal
90%
Roi des septs couronne et ami de Ned StarkRobert Baratheon
88%
Cersei Lannister
83%
Fille Stark cadetteArya Stark
82%
Fille Stark ainéeSansa Stark
82%
Fils ainé StarkRobb Stark
79%
Son frère ainéStannis Baratheon
78%
Son fils cadetTyrion Lannister
78%
Leurs FiefWinterfell
76%
Deuxième fils StarkBrandon Stark
75%
Le Nord
75%
Seigneur de la maison StarkEddard Stark
74%
Batard de Ned StarkJon Snow
74%
Ses deux enfants jumeauxJaime Lannister
73%
Ses trois enfantsJoffrey Baratheon
72%
Femme se comportant comme un chevalier, ayant féale comme épéeBrienne de Torth
70%
Seigneur de la maison LannisterTywin Lannister
70%
Tommen Baratheon
68%
Son loupFantôme
67%
Frère cadet du roiRenly Baratheon
67%
Son frèreSandor Clegane
67%
Son épouseCatelyn Stark
66%
Demi-géant le portantHodor
66%
Maître des chuchoteursVarys
65%
Sa louveLady
63%
Le chevalier oignonDavos Mervault
62%
La femme rougeMelisandre
62%
Sa louveNymeria
62%
Nymeria Sand
62%
Grand ArgentierPetyr Baelish
62%
Cadet StarkRickon Stark
62%
Myrcella Baratheon
61%
Amante du gnomeShae
61%
Son loupEté
60%
Ami du gnome et chevalier de la NéraBronn de la Néra
58%
Dorne
58%
Son ami forgeronGendry
56%
La montagneGregor Clegane
54%
Ecuyer du gnomePodrick Payne
54%
Eddison Tollett
53%
Leurs FiefCastral-Roc
52%
Le frère de celle-ciLoras Tyrell
52%
Sa Soeur, Khaleesi des DothrakiDaenerys Targaryen
51%
Leur grand-mèreOlenna Tyrell
51%
Sa femmeMargaery Tyrell
46%
Son loupVent-gris
46%
Les Iles de fer
45%
Son fils cadetTheon Greyjoy
45%
Lord des JumeauxWalder Frey
45%
Son FiefPeyredragon
44%
Leurs filleShôren Baratheon
44%
Premier patrouilleur, frère de Ned StarkBenjen Stark
43%
Son mariKhal Drogo
43%
Grand MestrePycelle
43%
Son ami cuisinierTourte-Chaude
42%
Ses DragonsDrogon
41%
Sauvageonne aidant les deux jeunes StarkOsha
41%
Son fils/batardRamsay Bolton
41%
Boureau royalIlyn Payne
39%
Les 9 régions des septs couronnesLe Bief
39%
Amis de Jon SnowSamwell Tarly
38%
Sa fille cadetteLysa Arryn
37%
Lord de Fort-TerreurRoose Bolton
37%
Héritier des TargaryenViserys Targaryen
37%
Le mari de celle-ciJon Arryn
36%
Les Trois fils de celui-ciLancel Lannister
36%
Son frèreOberyn Martell
36%
Maître à danserSyrio Forel
36%
Chef de la foi militanteGrand Moineau
35%
Sans visageJaqen H'ghar
35%
Viserion
34%
Mestre de la garde de nuitMestre Aemon
33%
Prostituée a son service venant du NordRos
33%
Amante de Jon SnowYgritte
33%
Chevalier de Westeros se mettant à son serviceJorah Mormont
32%
Le Val d'Arryn
32%
Sa filleYara Greyjoy
32%
Lord-Commandant de la garde de nuitJeor Mormont
31%
Mestre de WinterfellMestre Luwin
31%
Son FiefAccalmie
30%
Ami de celui-ci ayant des visionsJojen Reed
30%
Frère du Seigneur des LannisterKevan Lannister
30%
Sauvageon rouxTormund fléau d'ogre
30%
Chef des ImaculésVer Gris
30%
Les Terres de l'orage
29%
Nouveau Maître des chuchoteursQyburn
29%
Son ami prètre du feuThoros de Myr
29%
Son filsEdmure Tully
28%
Le Conflans
28%
Leur pèreMace Tyrell
28%
Sa servante et interpreteMissandei
28%
Rhaegal
28%
Leurs filsRobin Arryn
28%
Seigneur des iles de ferBalon Greyjoy
27%
Fille de celui-ci en fuite avec un frère de la garde de nuitVère
27%
Fief des TullyVivesaigues
27%
Sa soeurMeera Reed
25%
Sauvageon vivant dans un manoir avec ses filles/femmesCraster
24%
Ses deux frèresEuron Greyjoy
24%
Meryn Trant
24%
La femme de celui-ciSelyse Baratheon
23%
Les Terres de l'ouest
22%
Sa femmeJoanna Lannister
21%
Sa femmeWalda Bolton
21%
Créateur de la fraternité sans bannièreBéric Dondarrion
20%
Les Terres de la Couronne
17%
Roi d'au-dela du murMance Rayder
17%
Son loupBrousailles
16%
Son frèreBrynden Tully
16%
Sa femmeTalysa Stark
16%
Ancien lord-commandant de la garde royale, désormais au service de la mère des dragonsBarristan Selmy
15%
Fief des ArrynLes Eyrié
15%
Meereen
15%
Intendant de Lord SnowOlly
15%
Sa SeptaSepta Mordane
15%
L'amante de celui-ciEllaria Sand
14%
Commandant en intérim de la garde de nuitAlliser Thorne
13%
Seigneur de DorneDoran Martell
13%
Leurs fiefPyke
13%
Pyp
13%
Aspics des sablesObara Sand
12%
Seigneur des TullyHoster Tully
11%
Maître d'arme de WinterfellRodrick Cassel
11%
Villes conquises par la mère des dragonsAstapor
10%
Son neveu, capitaine de la garde de lord StarkJory Cassel
10%
Son fiefLancéhelion
10%
Son ami fils du boucherMicah
10%
Lieutenant des Puinés, aussi à son serviceDaario Naharis
9%
Victimes du Sans-visage à HarrenhalLe titilleur
9%
Son filsMatthos Mervault
9%
Hommes qu'elle a tué présent sur sa listePolliver
9%
Lord de KarholdRickard Karstark
9%
Recruteur de la garde de nuitYoren
9%
Grenn
8%
Ancien commandant du gué de Port-RéalJanos Slynt
8%
Sa maîtresseMyranda
8%
Officier de la garde de nuit, tué par Jon SnowQhorin Mimain
8%
Son ami tué car il était bléssé à la jambeLommy
7%
Le père de Celle-ciSelwyn de Torth
7%
Son filsTrystane Martell
7%
Yunkai
7%
Aeron Greyjoy
6%
Sa soeurEllia Martell
6%
Tyene Sand
6%
Leurs meilleur chasseurLocke
5%
Leur grand-pèreLuthor Tyrell
5%
Martyn Lannister
5%
Riche dignitaire de PentosIllyrio Mopatis
4%
Ses servantes chez les DothrakiIrri
4%
Sorcière ayant tué leurs filsMirri Maz Duur
4%
Proxenet a son serviceOlyvar
4%
Renégat surnommé le ratRast
4%
Sa fille promise au roi du nordRoslin Frey
4%
Pirate d'Essos a son serviceSalladhor Saan
4%
Willem Lannister
4%
Autre seigneur du Val, ami des StarkYohn Royce
4%
Amory Lorch
3%
Archer de la fraternitéAnguy
3%
Doréa
3%
Renégat de la garde de nuit, vient de CulpucierKarl Tanner
3%
Sauvageon Change-peauOrell
3%
Conjurateur de l'hôtel des non-mourrrantsPyat Pree
3%
Rorge
3%
Roi de QarthXaro Xhoan Daxos
3%
Maître des ImaculésKraznys mo Nakloz
2%
Magnar des ThennsStyr
2%
Chevalier du Val et champion de Lady ArrynVardis Egen
2%
Lady du Val ayant intérrogé BaelishAnya Vanbois
1%
Chef de la garde du Prince de DorneAreo Hotah
1%
Harald Karstark
1%
Harrion Karstark
1%
Chef d'une grande famille d'une des ville conquises, promise à la briseuse de chaînesHizdahr zo Loraq
1%
Sang-coureur Dothraki ayant défié ce chevalierQotho
1%
Sang-coureur Dothraki à son serviceRakharo
1%
Ses trois filsTorrhen Karstark
1%

Distribution des résultats

Percentile par nombre de réponses

% des personnes avec chaque résultat

Votre développement - résultats

Vous n’avez pas pris ce quiz depuis la dernière actualisation